Carregant...
രാത്രിമഴ
| Autor principal: | |
|---|---|
| Format: | Printed Book |
| Publicat: |
Thrissur:
Current Books,
1977.
|
| Edició: | 1st ed. |
| Matèries: |
| LEADER | 00519cam a2200157ua 4500 | ||
|---|---|---|---|
| 082 | |a M894.812 171 |b SUG/R | ||
| 100 | 0 | |a Sugathakumari, | |
| 245 | 0 | 0 | |a രാത്രിമഴ |
| 250 | |a 1st ed. | ||
| 260 | |a Thrissur: |b Current Books, |c 1977. | ||
| 300 | |a 102p.. | ||
| 650 | |a Rathri Mazha |a Malayalam Poems | ||
| 650 | 0 | |a Malayalam Literature | |
| 942 | |c BK | ||
| 999 | |c 8243 |d 8243 | ||
| 952 | |0 0 |1 0 |4 0 |6 M_894_812000000000000_171_SUG |7 0 |9 8614 |a KUCL |b KUCL |d 2014-05-23 |l 2 |o M894.812 171 SUG/ |p 01518 |r 2017-02-01 |s 2017-01-31 |w 2014-05-23 |y BK | ||